000 00433pab a2200169 454500
008 180718b2006 xxu||||| |||| 00| 0 eng d
100 _aWari, Peter
245 _aThe impact of road development on poverty in the Lao People's Democratic Republic
260 _c2006
300 _ap.1-23.
362 _aDec
650 _aPoverty
650 _aRoads
773 _aAsia-Pacific Development Journal
908 _aN
909 _a75444
999 _c75444
_d75444